| 000 | 00717nam a2200229 a 4500 | ||
|---|---|---|---|
| 001 | 000032887 | ||
| 003 | DO-SdBNP | ||
| 005 | 20240409073643.0 | ||
| 007 | ta | ||
| 008 | 110801s1955 dr 000 0 spa d | ||
| 040 |
_aDO-SdBNP _bspa _cBNPHU |
||
| 049 | _aBNPD | ||
| 082 | 4 |
_a972.93053 _bG643e _222 |
|
| 100 | 1 |
_aGonzález-Blanco, Pedro _944950 |
|
| 245 | 1 | 3 |
_aLa era de Trujillo / _cPedro González-Blanco. |
| 260 |
_aCiudad Trujillo, República Dominicana : _bDel Caribe, _c1955. |
||
| 300 |
_a731 p. ; _c23 cm. |
||
| 590 | _aInventariado, 2022/BT | ||
| 651 | 4 |
_aRepública Dominicana _xPolítica y gobierno _yEra de Trujillo, 1930-1961 _91374 |
|
| 910 | _aValidado. Control de calidad EMS. | ||
| 942 |
_2ddc _cLBS1 |
||
| 999 |
_c32378 _d32378 |
||